000 00516ntaaa2200193 4500
003 01
005 20251027203033.0
008 0714s1973 ag 01
040 _aAR-BaBN
_bspa
_cAR-BaBN
_eaacr
_dRIC
082 _a297.6000 D44
100 _aDermenghem, Emile
_931392
245 _aMuhammad and the Islamic tradition
250 _a1 ed.
260 _aNew York=260 \\
_aLondon :
_bHarper Brotehers :
_bLongmans,
_c1958
300 _a191 p
650 _aMahometismo
_916642
650 _aIslamismo
_99459
942 _cBK
999 _c25711
_d25711